El Greco : personaje y autor secreto del Quijote : estudio del "sustrato de creación" de la historia del ingenioso hidalgo /

Shranjeno v:
Bibliografske podrobnosti
Glavni avtor: Morey Mora, Guillem (autor)
Format: Knjiga
Jezik:španščina
Teme:
Oznake: Označite
Brez oznak, prvi označite!

MARC

LEADER 00000nam^a2200000^a^4500
001 000156924
005 20250521000000.0
009 20260310100521.7
037 |a Acervo ITESO - Biblioteca 
041 |a ESP 
082 |a 701. 06  |b MOR 
100 |a Morey Mora, Guillem  |e (autor) 
245 1 3 |a El Greco :  |b personaje y autor secreto del Quijote : estudio del "sustrato de creación" de la historia del ingenioso hidalgo /  |c G. Morey Mora ; pról. de Adolfo Muñoz-Alonso. 
264 |a Palma de Mallorca, España :  |b edición de autor,  |c 1969 
300 |a 375 p. 
336 |a texto  |b txt  |2 rdacontenido 
337 |a sin mediación  |b n  |2 rdamedio 
338 |a volumen  |b nc  |2 rdasoporte 
545 0 |a Miguel de Cervantes Saavedra (Alcalá de Henares, 1547 - Madrid, 1616), principal figura del Siglo de Oro, forma con William Shakespeare la gran dupla incuestionable de la literatura universal. Don Quijote de la Mancha (1605 y 1615), su obra cumbre, es considerada por los críticos una de los textos fundamentales de la literatura, de los mejores jamás escritos y que mayor influencia han ejercido. Renovador de la narrativa de su época, inaugura con Don Quijote la novela moderna, narración polifónica que desmitifica y parodia la tradición caballeresca; su estilo, en apariencia sencillo, se basa en el manejo de numerosas figuras retóricas que permiten dotar al relato de audaces perspectivas y la caracterización de sus personajes es lograda a través de la definición de diversos estilos lingüísticos. Aunque su primera novela, La Galatea (1585), sigue los cánones renacentistas imperantes en su momento para los relatos pastoriles, la colección de doce Novelas ejemplares (1613) y la novela bizantina Los trabajos de Persiles y Sigismunda (firmada tres días antes de su muerte y publicada en 1617), abren nuevas posibilidades a la forma de contar historias, como si se tratara de hechos verdaderos en tiempo y lugares cercanos a los lectores. Prolífico escritor, abarcó diversos géneros: novela, teatro (ocho comedias y dieciséis entremeses), epístola y poesía, mucha de ella intercalada en sus textos en prosa. Además de las obras ya mencionadas, también escribió el poema narrativo Viaje al Parnaso (1614) y la tragedia El cerco de Numancia (1585, también conocida como La Numancia). 
649 |a XX 
650 |a Pintores Griegos 
650 |a Artistas Griegos 
650 |a Escritores Españoles 
650 |a Libros de Artista 
650 |a Pintura y Literatura -  |z España -  |x Historia y Crítica 
650 |a Pintura Manierista -  |x Historia y Crítica 
650 |a Pintura Renacentista -  |x Historia y Crítica 
650 |a Pintura Española -  |x Historia y Crítica 
650 |a Arte Manierista -  |x Historia y Crítica 
650 |a Arte Renacentista -  |x Historia y Crítica 
650 |a Arte Español -  |x Historia y Crítica 
650 |a Novela Española -  |x Historia y Crítica 
650 |a Literatura Española -  |x Historia y Crítica 
650 |a Literatura Española -  |y Siglo XVII 
650 |a Literatura Española -  |y Epoca Clásica, 1500-1700 
650 |a Literatura Española -  |y Siglo XX 
650 |a Cervantes Saavedra, Miguel de 
600 |a El Greco 
910 |a Fondo Salvador Reynoso Reynoso 
920 |a Impresos - Libros 
930 |a Fondos Especiales 
905 |a 112 
901 |a 0800016264  |b IT2  |c ESP  |u 20250521 
902 |a https://opac.biblio.iteso.mx/vufind/Record/000156924